Largest Cities in Michigan with Exceptions - Statistics

General Stats
  • This quiz has been taken 31 times
  • The average score is 7 of 15
Answer Stats
Population Municipality % Correct
120,782 Ann Arbor
96%
132,427 Sterling Heights
75%
97,386 Flint
71%
75,984 Kalamazoo
71%
48,870 East Lansing
61%
38,349 Muskegon
61%
55,224 Novi
39%
59,006 Royal Oak
39%
59,775 St. Clair Shores
39%
55,761 Dearborn Heights
36%
81,129 Farmington Hills
36%
73,422 Rochester Hills
32%
81,545 Westland
32%
73,100 Southfield
21%
48,362 Redford
4%
No matching quizzes found
Score Distribution
Percent of People with Each Score
Percentile by Number Answered
Your Score History
You have not taken this quiz